000
00209 a2200097 4500
001
21113
100
_a
Tillett, J
245
_a
Practical comprehension
260
_a
_b
Hutchinson
_c
1962
090
_c
15063
_d
15063
942
_a
NUST-CAE
_c
M
_c
5629
999
_c
256186
_d
256186